All National League Players Season 2023/24 - Statistics

General Stats
  • This quiz has been taken 43 times
  • The average score is 198 of 406
Answer Stats
Team Name % Correct
Davos Ambühl
89%
Ajoie Devos
89%
Fribourg Didomenico
89%
Lugano Granlund
89%
Ajoie Hazen
89%
Servette Mayer
89%
Kloten | Lakers Meyer
89%
Servette Richard
89%
Fribourg Sprunger
89%
Lugano Thürkauf
89%
Ajoie | Lugano Wolf
89%
Kloten Aaltonen
78%
Lugano Andersson
78%
Fribourg Berra
78%
Servette Bertaggia
78%
Servette Berthon
78%
Fribourg Bertschy
78%
Ajoie | Lausanne Bozon
78%
Fribourg Bykov
78%
Lugano Carr
78%
Servette Cavalleri
78%
Servette Chanton
78%
Tigers Charlin
78%
Servette Descloux
78%
Davos Egli
78%
Lugano Fazzini
78%
Servette Filppula
78%
Lausanne Fuchs
78%
Servette Hartikainen
78%
Bern Honka
78%
ZSC Hrubec
78%
Lausanne Hughes
78%
Lugano Joly
78%
Servette Jooris
78%
Servette Karrer
78%
Servette Le Coultre
78%
Servette Lennström
78%
Bern Loeffel
78%
Servette Maillard
78%
ZSC Malgin
78%
Servette Manninen
78%
Fribourg Mottet
78%
Lugano Müller
78%
Servette Olkinuora
78%
Lausanne Pasche
78%
Lausanne Riat
78%
Servette Rod
78%
Ajoie Sopa
78%
Fribourg Sörensen
78%
Ambri Spacek
78%
Servette Vatanen
78%
Servette Völlmin
78%
Fribourg Wallmark
78%
Davos Wieser
78%
Servette Winnik
78%
Lausanne Almond
67%
ZSC Andrighetto
67%
Kloten Ang
67%
Ajoie Audette
67%
Tigers Boltshauser
67%
Ajoie Brennan
67%
Lakers Cervenka
67%
Ajoie Ciaccio
67%
Ambri Conz
67%
Davos Corvi
67%
Ajoie Frossard
67%
Zug Genoni
67%
Servette Guignard
67%
Ambri Heim
67%
Zug Herzog
67%
Biel Hischier
67%
Servette Jacquemet
67%
Lausanne Jelovac
67%
Ambri Juvonen
67%
ZSC Kukan
67%
Biel Lööv
67%
Davos | Zug Nussbaumer
67%
Biel Olofsson
67%
Servette Pouliot
67%
Servette Praplan
67%
Bern Reideborn
67%
Tigers Riikola
67%
Lausanne Rochette
67%
Bern Scherwey
67%
Davos Senn
67%
Kloten Simic
67%
Davos Stransky
67%
Lausanne Suomela
67%
Fribourg Sutter
67%
Bern Untersander
67%
Biel van Pottelberghe
67%
Bern Vermin
67%
Ambri | Bern Wüthrich
67%
Lugano Alatalo
56%
ZSC Balcers
56%
ZSC Baltisberger
56%
Lakers Baragano
56%
Tigers Berger
56%
Servette Berni
56%
Tigers Cadonau
56%
Biel Delemont
56%
Ambri De Luca
56%
Kloten | Zug Derungs
56%
Fribourg Diaz
56%
Ajoie Fey
56%
Lausanne Genazzi
56%
Lakers | Lugano Gerber
56%
Servette Giovannini
56%
ZSC Graf
56%
ZSC Grant
56%
Fribourg Gunderson
56%
Lausanne Haapala
56%
Biel Haas
56%
Ambri Heed
56%
Biel Hofer
56%
Zug Hofmann
56%
Lausanne Jäger
56%
Davos Jung
56%
Davos Knak
56%
Zug Kovar
56%
Kloten Loosli
56%
Lakers Maier
56%
Lausanne | ZSC Marti
56%
Bern Maurer
56%
Servette Miranda
56%
Lakers Moy
56%
Lakers Nyffeler
56%
Lugano Peltonen
56%
Lausanne Pilut
56%
Lakers Punnenovs
56%
Biel Rathgeb
56%
ZSC Rohrer
56%
Ajoie Romanenghi
56%
Fribourg Rüegger
56%
Tigers Saarela
56%
Biel Säteri
56%
Lugano Schlegel
56%
Ajoie | Tigers Schmutz
56%
ZSC Sigrist
56%
Zug Suri
56%
Ajoie Thiry
56%
ZSC Ustinkov
56%
Lakers Vouardoux
56%
Fribourg Walser
56%
ZSC Weber
56%
Lakers Wick
56%
Biel Yakovenko
56%
Kloten Zurkirchen
56%
Ambri Zwerger
56%
Lakers Aebischer
44%
Lakers Albrecht
44%
Zug Bengtsson
44%
Fribourg Borgman
44%
Lausanne Bougro
44%
Biel Brunner
44%
Biel Burren
44%
Lakers Cajka
44%
Biel Christen
44%
Lugano Cormier
44%
Ambri Dauphin
44%
Kloten | Tigers Diem
44%
Lausanne Djoos
44%
Lakers Djuse
44%
Ambri Dotti
44%
Ambri Douay
44%
Lakers Dünner
44%
Ambri Eggenberger
44%
Ajoie Fischer
44%
Davos Fora
44%
Lausanne Frick
44%
Lakers Frk
44%
Bern Füllemann
44%
Ajoie Garessus
44%
Ajoie Gauthier
44%
ZSC Geering
44%
Zug Geisser
44%
Lausanne Glauser
44%
Ambri Grassi
44%
Zug Gross
44%
Davos Guebey
44%
Zug Hansson
44%
Lausanne Holdener
44%
ZSC | Zug Hollenstein
44%
Lakers Jensen
44%
Lausanne Kenins
44%
Biel Kessler
44%
Lausanne Kovacs
44%
Biel Künzle
44%
Lugano Lalegia
44%
Lakers Lammer
44%
ZSC Lammiko
44%
Ambri Landry
44%
Bern Lehmann
44%
ZSC Lehtonen
44%
Lakers Leslie
44%
Ambri Lilja
44%
Bern Manzato
44%
Fribourg | Kloten Marchon
44%
Tigers Meier
44%
Kloten Metsola
44%
Lugano Morini
44%
Zug Muggli
44%
Davos Nordström
44%
Lakers Noreau
44%
Lugano Patry
44%
Lausanne Pedretti
44%
Ambri Pestoni
44%
Ajoie Pilet
44%
Davos Prassl
44%
Lausanne Raffl
44%
Biel Rajala
44%
Lakers Rask
44%
Zug Riva
44%
Tigers Rohrbach
44%
Tigers Rossi
44%
Lugano Ruotsalainen
44%
Biel Sallinen
44%
Ajoie Scheidegger
44%
Lakers Schroeder
44%
Zug Senteler
44%
Zug Simion
44%
Kloten Smirnovs
44%
Biel Stampfli
44%
Biel Tanner
44%
Lugano Verboon
44%
Ambri Virtanen
44%
Lugano Walker
44%
Lakers Wetter
44%
Lugano | Tigers Zanetti
44%
Lakers Zangger
44%
ZSC Zehnder
44%
Tigers Zryd
44%
ZSC Zumbühl
44%
Davos Aeschlimann
33%
Lakers Alge
33%
Zug Allenspach
33%
Lugano Arcobello
33%
Ajoie Asselin
33%
Biel Bachofner
33%
Bern Bader
33%
ZSC Baechler
33%
Davos Barandun
33%
Biel Bärtschi
33%
Bern Baumgartner
33%
Kloten Beaulieu
33%
Zug Biasca
33%
Fribourg Binias
33%
Ajoie Birbaum
33%
ZSC Bodenmann
33%
Davos Bristed
33%
Ambri Brüschweiler
33%
Biel Bukarts
33%
Ambri Bürgler
33%
Lugano Cjunskis
33%
Biel Cunti
33%
Davos Dahlbeck
33%
Fribourg Delarose
33%
Fribourg Dufner
33%
Zug Eder
33%
Kloten Ekestahl-Jonsson
33%
Fribourg Emmerton
33%
Tigers Erni
33%
Fribourg Etter
33%
Bern Fahrni
33%
Tigers Felcman
33%
Ambri Fohrler
33%
Ambri Formenton
33%
Lakers Forrer
33%
Biel Forster
33%
Davos Frehner
33%
ZSC Fröden
33%
Bern Fuss
33%
Fribourg Galley
33%
Kloten Garleant
33%
Ajoie Gelinas
33%
Davos Gredig
33%
Fribourg Gregoire
33%
Biel Grossmann
33%
Lugano Guerra
33%
Tigers Guggenheim
33%
Davos Hammerer
33%
ZSC Harrington
33%
Lugano Hausheer
33%
Davos Heinen
33%
Kloten Henauer
33%
ZSC Henry
33%
Biel Heponiemi
33%
Lausanne Hügli
33%
Fribourg Jecker
33%
Tigers Jenni
33%
Fribourg Jörg
33%
Davos Jurco
33%
Bern Kahun
33%
Kloten Kellenberger
33%
Bern Kindschi
33%
Ambri Kneubühler
33%
Bern Knight
33%
Lugano Koskinen
33%
Ambri Kostner
33%
Bern Kreis
33%
Bern Kummer
33%
Tigers Lapinskis
33%
Zug Leuenberger
33%
Davos Lichtensteiger
33%
Kloten Lindemann
33%
Tigers Louis
33%
Bern Luoto
33%
Ajoie Macquat
33%
Tigers Mäenelanen
33%
Tigers Malone
33%
Zug Martschini
33%
Ambri McIsaac
33%
Zug Michaelis
33%
Kloten Morley
33%
Bern Moser
33%
Davos Mustonen
33%
Davos Näkyvä
33%
Bern Nemeth
33%
Kloten Nodari
33%
Kloten Ojamäki
33%
Zug Oneill
33%
Bern Paschoud
33%
Tigers Pesonen
33%
Tigers Petrini
33%
Ambri Pezzullo
33%
Bern Pokka
33%
Kloten Profico
33%
Lugano Quenville
33%
Kloten Ramel
33%
Davos Rasmussen
33%
Biel Reichle
33%
Kloten Reinbacher
33%
ZSC Riedi
33%
Bern Ritzmann
33%
Zug Robin
33%
Ajoie Rundqvist
33%
Tigers Saarjärvi
33%
Bern Sablatnig
33%
Lausanne Salomäki
33%
Tigers Salzgeber
33%
Kloten Sataric
33%
Bern Sceviour
33%
ZSC Schäppi
33%
Tigers Schilt
33%
Biel Schläpfer
33%
Zug Schlumpf
33%
Fribourg Schmid
33%
Kloten Schreiber
33%
Tigers Schwab
33%
Fribourg Seiler
33%
Lausanne Sekac
33%
Zug Sheen
33%
Kloten Sidler
33%
Kloten Steiner
33%
Fribourg Streule
33%
Lakers Taibel
33%
Ajoie Timashov
33%
ZSC Trutmann
33%
Tigers Weibel
33%
Zug Wingerli
33%
Ajoie Zgraggen
33%
Ambri Zündel
33%
Ajoie Arnold
22%
Lakers Capaul
22%
Biel Christie
22%
Ambri Dufey
22%
Lakers Grossniklaus
22%
Lausanne Heldner
22%
Ajoie Huber
22%
Ajoie Kohler
22%
Davos Minder
22%
Kloten Obrist
22%
Bern Schild
22%
Davos Schneeberger
22%
ZSC Schwendeler
22%
Ajoie Sciaroni
22%
Zug Stadler
22%
Ambri Terraneo
22%
Servette Vouillamoz
22%
Lugano Canonica
11%
Servette Delmas
11%
Lausanne Fuhrer
11%
Fribourg Nicolet
11%
Fribourg Sansonnens
11%
Lausanne Thevoz
11%
No matching quizzes found
Score Distribution
Percent of People with Each Score
Percentile by Number Answered
Your Score History
You have not taken this quiz